Online Catalogue and eLibrary

Malayaha Tamils: (Record no. 523)

MARC details
000 -LEADER
fixed length control field 00483nam a22001697a 4500
005 - DATE AND TIME OF LATEST TRANSACTION
control field 20240301001819.0
008 - FIXED-LENGTH DATA ELEMENTS--GENERAL INFORMATION
fixed length control field 240301b |||||||| |||| 00| 0 eng d
020 ## - INTERNATIONAL STANDARD BOOK NUMBER
ISBN 9789551772963
082 ## - DDC Classification
DDC Edition Number 22
Class No. 322.04.
Item Number - Author Mark MAL.
100 ## - MAIN ENTRY--PERSONAL NAME
Personal name Lawrence, A.
245 ## - TITLE STATEMENT
Title Malayaha Tamils:
Remainder of title Power sharing and Local Democracy in Sri Lanka /
Statement of responsibility, etc. A. Lawrence.
260 ## - PUBLICATION, DISTRIBUTION, ETC.
Place of publication, distribution, etc. Colombo :
Name of publisher, distributor, etc. Social Scientists Association /
Date of publication, distribution, etc. 2011.
300 ## - PHYSICAL DESCRIPTION
Extent (e.g. Volumes, Pages etc.) x, 91 p.,
650 ## - SUBJECT ADDED ENTRY--TOPICAL TERM
Topical term or geographic name entry element History.
650 ## - SUBJECT ADDED ENTRY--TOPICAL TERM
Topical term or geographic name entry element Politics
942 ## - Koha item type (Biblio)
Koha item type Books in Stacks (Lending)
Holdings
Lost status Damaged status Collection code Home library Current library Date acquired Full call number Accession Number Item type
    Lending WERC Library WERC Library 03/01/2024 322.04. MAL. 6765 Books in Stacks (Lending)

© WERC Library